Who Did That 2000's Song #4 - Statistics

General Stats
  • This quiz has been taken 629 times
    461 since last reset
  • The average score is 7 of 27
Answer Stats
Year Hint Answer % Correct
2005 Don't Cha The Pussycat Dolls
65%
2003 Where Is The Love? The Black Eyed Peas
61%
2008 Heartless Kanye West
60%
2003 Numb Linkin Park
58%
2000 Teenage Dirtbag Wheatus
43%
2005 Dance, Dance Fall Out Boy
36%
2007 Grace Kelly MIKA
36%
2001 Hero Enrique Iglesias
29%
2002 Sunday Morning Maroon 5
29%
2003 Roses OutKast
26%
2006 Why You Wanna T.I.
25%
2008 That's Not My Name The Ting Tings
24%
2005 Hate It Or Love It The Game, 50 Cent
22%
2007 Untouched The Veronicas
21%
2005 B.Y.O.B. System Of A Down
20%
2002 Get Low Lil Jon
19%
2005 1 Thing Amerie
12%
2003 Superstar Jamelia
12%
2004 I Just Wanna Live Good Charlotte
11%
2004 Signs Snoop Dogg
11%
2003 Suga Suga Baby Bash
10%
2004 Rumors Lindsay Lohan
8%
2006 Open Your Eyes Snow Patrol
7%
2007 Two Hearts Kylie Minogue
6%
2000 Overload Sugababes
5%
2004 Flawless George Michael
4%
2007 Perfect (Exceeder) Mason vs Princess Superstar
2%
No matching quizzes found
Score Distribution
Percent of People with Each Score
Percentile by Number Answered
Your Score History
You have not taken this quiz since the last reset